000 00287nam a22001217a 4500
008 180423b xxu||||| |||| 00| 0 eng d
041 _aeng
080 _a043.3
100 _a0
101 _aSHKI-BA
245 _aAnalizimi i Rrjetave Neutrale me Mbeshtetje
_cMaloku, H
942 _2udc
_cBK
999 _c45414
_d45414